000 00298nam a2200109Ia 4500
008 230320s9999||||xx |||||||||||||| ||spa||
082 _a268.433/P85/5
100 _aComisión Catequística De La Prelatura De Yauyos
245 0 _aVida Cristiana : 5 De Secundaria
260 _bJalsa
942 _85
_cLIB
999 _c41462
_d41462